König Neuhoff, ein Weltmann im 18. Jahrhundert; (Record no. 6321)

MARC details
000 -LEADER
fixed length control field 00650cam a22002171 4500
001 - CONTROL NUMBER
control field af 48005029
003 - CONTROL NUMBER IDENTIFIER
control field DLC
005 - DATE AND TIME OF LATEST TRANSACTION
control field 20260227110911.0
008 - FIXED-LENGTH DATA ELEMENTS--GENERAL INFORMATION
fixed length control field 890429s1946 gw 000 1 ger c
010 ## - LIBRARY OF CONGRESS CONTROL NUMBER
LC control number af 48005029
035 ## - SYSTEM CONTROL NUMBER
System control number (OCoLC)19623264
040 ## - CATALOGING SOURCE
Original cataloging agency Yale Univ. Library
Transcribing agency CU
Modifying agency CU
-- DLC
042 ## - AUTHENTICATION CODE
Authentication code premarc
050 00 - LIBRARY OF CONGRESS CALL NUMBER
Classification number PT2642.R23
Item number K6 1946
082 ## - DEWEY DECIMAL CLASSIFICATION NUMBER
Classification number 833.91
100 1# - MAIN ENTRY--PERSONAL NAME
Personal name Tralow, Johannes,
Dates associated with a name 1882-1968.
245 10 - TITLE STATEMENT
Title König Neuhoff, ein Weltmann im 18. Jahrhundert;
Remainder of title Roman.
260 ## - PUBLICATION, DISTRIBUTION, ETC.
Place of publication, distribution, etc. München,
Name of publisher, distributor, etc. Drei-Fichten-Verlag
Date of publication, distribution, etc. [c1946]
300 ## - PHYSICAL DESCRIPTION
Extent 500 p.
Dimensions 20 cm.
600 10 - SUBJECT ADDED ENTRY--PERSONAL NAME
Personal name Neuhof, Théodore Antoine,
Titles and other words associated with a name baron de,
Dates associated with a name 1686?-1756
Form subdivision Fiction.

No items available.

Powered by Koha